Yugioh GX Trivia - Statistics

General Stats
  • This quiz has been taken 254 times
  • The average score is 10 of 15
Answer Stats
Question Answer % Correct
Which of these Elemental Hero Monsters was NOT seen in the Anime? Elemental Hero Ocean
97%
Which of these is considered to be the middle-ranked class of students in terms of ability in the GX Anime? Ra Yellow
93%
Syrus Truesdale's brother is considered the top duelist at the academy in the first season with his Cyber Dragon Deck. What is his name? Zane
90%
Which card archetype does Sartorius, the final villain of season 2 and leader of the society of Light, play? Arcana Force
81%
Which of these characters was associated with Sartorius before he came to the academy? Aster Phoenix
81%
Which of these deck themes/types is NOT used by any character in the GX anime? They were all used in the anime
80%
The last card used in season 3 is Super-polymerization, showing Jaden's redemption and acceptance of the Supreme King inside of him. What does he fuse? Himself and Yubel
74%
What is Jaden Yuki's signature monster? Elemental Hero Neos
72%
Adrian Gecko is a secondary antagonist eventually uses the power of Exodia in the alternate dimension and challenges Yubel. Before he uses Exodia, what deck does he use (see his duel against Chazz)? Cloudian
66%
In the third season, Jaden and friends are transported to the Dark World where they duel monsters of the archetype. Who is NOT dueled? Reign-Beaux, Overlord of Dark World
57%
What spell gives Jaden the ability to defeat the villain Kagemaru in his quest to acquire the power of the Sacred Beasts? Sabatiel - The Philosophers Stone
56%
The first season had the main plot arc revolving around defeating the Shadow Riders. Who of these choices was NOT a shadow rider? Kagemaru
50%
Who wins the GX tournament? Chazz
48%
When Yubel activates Spell Chronicle in her duel against Jaden, she is attempting to get Super Polymerization. Which of these is NOT one of the other cards she uses with Spell Chronicle? Lava Golem
41%
In the Second Season, Jaden and company fight the Light Brigade, who use Monarch monster themed decks based around their element. Which one did not fight? Blaze
29%
No matching quizzes found
Score Distribution
Percent of People with Each Score
Percentile by Number Answered
Your Score History
You have not taken this quiz